Flags of South Africa - Past and Present - Statistics

General Stats
  • This quiz has been taken 7 times
  • The average score is 7 of 11
Answer Stats
Picture Answer % Correct
Cape Colony
86%
Dutch Cape Colony
86%
Orange Free State
86%
Republic of South Africa
86%
South African Republic
71%
Union of South Africa
71%
Union of South Africa
71%
Colony of Natal
57%
Orange River Colony
43%
Transvaal Colony
43%
Zulu Kingdom
43%
No matching quizzes found
Score Distribution
Percent of People with Each Score
Percentile by Number Answered
Your Score History
You have not taken this quiz